Guess the singer - D - Statistics

General Stats
  • This quiz has been taken 132 times
  • The average score is 9 of 25
Answer Stats
Hint Answer % Correct
9 to 5 Dolly Parton
72%
Hotline Bling Drake
71%
Get Lucky Daft Punk
65%
New Rules Dua Lipa
60%
Say My Name Destiny's Child
57%
Sultans of Swing Dire Straits
54%
Starman David Bowie
51%
Smoke on the Water Deep Purple
51%
Pour Some Sugar On Me Def Leppard
50%
American Pie Don Mclean
48%
Kiss Me More Doja Cat
40%
The Next Episode Dr. Dre
37%
Endless Love Diana Ross
29%
People Are Strange The Doors
29%
Give Your Heart a Break Demi Lovato
27%
I'm The One DJ Khaled
27%
ROCKSTAR Dababy
21%
Memories David Guetta
21%
Where Are Ü Now Diplo
19%
3 Nights Dominic Fike
17%
Be Alright Dean Lewis
16%
Latch Disclosure
15%
No Idea Don Toliver
13%
Slice of Heaven Dave Dobbyn
4%
April Sun in Cuba Dragon
4%
No matching quizzes found
Score Distribution
Percent of People with Each Score
Percentile by Number Answered
Your Score History
You have not taken this quiz